00494nam a22001697a 450000500170000001000150001702000260003203500130005803700130007108200130008410000250009724500570012226000330017927000680021230000250028050000190030520141119114229.0 aENG-111139 c795.00a9789382420415 aEN-94671 bDBAD/PUB a320.0954 aSutar, Akshaya Kumar aIndian political tradition /cby Akshaya Kumar Sutar aNew DelhibKunal Booksc2014 bNew Delhie110002a4648/21, First Floor, Ansari Road, Daryaganj avii, 224p.c23cm(Hb) aIncludes index